| 000 -LEADER |
| fixed length control field |
01701 a2200193 4500 |
| 020 ## - INTERNATIONAL STANDARD BOOK NUMBER |
| International Standard Book Number |
084931657X |
| 040 ## - CATALOGING SOURCE |
| Original cataloging agency |
DLC |
| Language of cataloging |
DLC |
| 245 00 - TITLE STATEMENT |
| Title |
Signal processing for mobile communications handbook |
| Statement of responsibility, etc. |
edited by Mohamed Ibnkahla. |
| 246 3# - VARYING FORM OF TITLE |
| Title proper/short title |
Signal processing for mobile communications handbook [electronic resource] |
| 260 ## - PUBLICATION, DISTRIBUTION, ETC. |
| Place of publication, distribution, etc. |
Boca Raton, Fla. : |
| Name of publisher, distributor, etc. |
CRC Press, |
| Date of publication, distribution, etc. |
2004. |
| 300 ## - PHYSICAL DESCRIPTION |
| Extent |
1 v. (various pagings ) : |
| Other physical details |
ill. ; |
| Dimensions |
27 cm. |
| 520 1# - SUMMARY, ETC. |
| Summary, etc. |
"Signal Processing for Mobile Communications Handbook provides a comprehensive survey of signal processing techniques used in mobile communications that concern the transmitter, the receiver, and the propagation channel. Distinguished contributors discuss a spectrum of topics, including 4-G mobile communication challenges, adaptive coded modulation, channel modeling, estimation and identification, diversity combining and adaptive equalization, multi-user detection, DSP for OFDM, synchronization, and more. Emerging techniques such as neural networks, Monte Carlo Markov Chain (MCMC) methods, time-frequency analysis, and Chaos are also explored." "Presented in a tutorial format with hundreds of figures and tables, this handbook makes signal processing as applied to digital communications accessible for all professionals, researchers, and students involved in mobile communications."--BK JACKET. |
| 650 #0 - SUBJECT ADDED ENTRY--TOPICAL TERM |
| Topical term or geographic name entry element |
Signal processing. |
| 650 #0 - SUBJECT ADDED ENTRY--TOPICAL TERM |
| Topical term or geographic name entry element |
Mobile communication systems. |
| 700 1# - ADDED ENTRY--PERSONAL NAME |
| Personal name |
Ibnkahla, Mohamed. |
| 856 41 - ELECTRONIC LOCATION AND ACCESS |
| Uniform Resource Identifier |
<a href="http://libproxy1.nus.edu.sg/login?url=http://www.engnetbase.com/books/1419/1657_fm.pdf">http://libproxy1.nus.edu.sg/login?url=http://www.engnetbase.com/books/1419/1657_fm.pdf</a> |
| 856 41 - ELECTRONIC LOCATION AND ACCESS |
| Uniform Resource Identifier |
<a href="http://libproxy1.nus.edu.sg/login?url=http://www.telecommunicationsnetbase.com/books/1419/1657_fm.pdf">http://libproxy1.nus.edu.sg/login?url=http://www.telecommunicationsnetbase.com/books/1419/1657_fm.pdf</a> |
| 942 ## - ADDED ENTRY ELEMENTS (KOHA) |
| Koha item type |
Book |
| Call number prefix |
621.3822 IBN |
| Source of classification or shelving scheme |
|